000 00460nam a2200193Ia 4500
005 20250603144423.0
008 250603s9999 xx 000 0 und d
020 _a9788120343894
050 _aJA 81 .M85/
100 _aMukherjee, Subrata
245 2 _aA history of political thought
250 _a2nd ed.
260 _aNew Delhi
260 _bPHI Learning Private Limited
260 _c2013
300 _a563 p
650 _aNew Delhi
942 _cBK
999 _c38868
_d38868